[Event "MCRE_PF11"]
[Site "?"]
[Date "2002.??.??"]
[Round "?"]
[White "Hnilicka, Michal"]
[Black "Svrsek, Radomir"]
[Result "1-0"]
[WhiteElo "2175"]
[BlackElo "2230"]
[PlyCount "159"]
[EventDate "2002.??.??"]
[EventType "schev (corr)"]
[EventRounds "2"]

1. e4 d6 2. d4 Nf6 3. Nc3 g6 4. f4 Bg7 5. Nf3 O-O 6. Be3 c6 7. Bd3 Qb6 8. Qc1
Na6 9. h3 Nb4 10. Be2 d5 11. e5 Nh5 12. Kf2 Bh8 13. Na4 Qa5 14. Nc5 b6 15. Nb3
Qa4 16. g4 Ng7 17. c3 Na6 18. Bd1 b5 19. Kg2 f6 20. exf6 exf6 21. Bf2 b4 22.
cxb4 Qxb4 23. Qxc6 Bb7 24. Qc3 Qxc3 25. bxc3 Rac8 26. Rc1 f5 27. Ne5 fxg4 28.
Bxg4 Nf5 29. Rhe1 Bg7 30. Be2 Rf6 31. Bf3 Rb6 32. Nc5 Bxe5 33. fxe5 Nxc5 34.
dxc5 Rb2 35. Kg1 Kf7 36. e6+ Kf6 37. Bd4+ Ke7 38. Rb1 Rxb1 39. Rxb1 Bc6 40. Re1
Nxd4 41. cxd4 Rf8 42. Kf2 Rf4 43. Ke3 Rf6 44. Rb1 Rxe6+ 45. Kf4 h6 46. Rb3 a5
47. h4 Rf6+ 48. Kg3 a4 49. Rb6 Re6 50. Ra6 Kd8 51. Bg4 Re3+ 52. Kf2 Re4 53. Bf3
Re6 54. Bd1 Ke7 55. Bc2 Rf6+ 56. Ke3 g5 57. hxg5 hxg5 58. Bxa4 Bxa4 59. Rxa4 g4
60. Ra7+ Kd8 61. Rg7 Rf3+ 62. Kd2 g3 63. a4 Ra3 64. a5 Kc8 65. Ke2 Rxa5 66.
Rxg3 Kc7 67. Rg6 Ra2+ 68. Ke3 Rh2 69. Rd6 Rh5 70. Kf4 Kb7 71. Kg4 Rh1 72. Rxd5
Kc6 73. Rd6+ Kc7 74. Kf5 Rd1 75. Ke4 Rh1 76. Re6 Rh5 77. d5 Rh4+ 78. Ke5 Rh5+
79. Kd4 Rh4+ 80. Re4 1-0

[Event "MCRE_PF11"]
[Site "?"]
[Date "2002.??.??"]
[Round "?"]
[White "Hnilicka, Michal"]
[Black "Prchly, Milos"]
[Result "1/2-1/2"]
[WhiteElo "2175"]
[BlackElo "2270"]
[PlyCount "126"]
[EventDate "2002.??.??"]
[EventType "schev (corr)"]
[EventRounds "2"]

1. e4 c5 2. Nf3 d6 3. d4 cxd4 4. Nxd4 Nf6 5. Nc3 g6 6. Be3 Bg7 7. f3 O-O 8. Qd2
Nc6 9. O-O-O d5 10. exd5 Nxd5 11. Nxc6 bxc6 12. Bd4 e5 13. Bc5 Be6 14. Ne4 Re8
15. h4 Nf4 16. Qe1 Qc7 17. g3 Nd5 18. g4 h6 19. h5 g5 20. Rh2 Red8 21. Rhd2 a5
22. Bc4 Nf4 23. Bd6 Qb6 24. Bxe6 Nxe6 25. c3 a4 26. Ng3 Nd4 27. Be7 Rd7 28.
cxd4 Rxe7 29. Nf5 Re6 30. Nxg7 Kxg7 31. dxe5 a3 32. b3 Ra5 33. Re2 Qc5+ 34. Kb1
Rxe5 35. Rd3 Rxe2 36. Qxe2 Qg1+ 37. Rd1 Qg3 38. Rc1 Rd5 39. Rxc6 Re5 40. Qd3
Re1+ 41. Rc1 Qe5 42. Qd2 Re3 43. Rd1 Rd3 44. Re1 Qf6 45. Qc1 Qxf3 46. Qxa3 Rd1+
47. Rxd1 Qxd1+ 48. Qc1 Qxg4 49. Qc3+ Kg8 50. a4 Qxh5 51. a5 g4 52. b4 Kh7 53.
Kb2 Qb5 54. Kc2 Qe2+ 55. Qd2 Qc4+ 56. Qc3 Qa2+ 57. Kd1 Qf2 58. Qc2+ Qxc2+ 59.
Kxc2 g3 60. a6 g2 61. a7 g1=Q 62. a8=Q Qg6+ 63. Kc3 Qg3+ 1/2-1/2

[Event "MCRE_PF11"]
[Site "?"]
[Date "2002.??.??"]
[Round "?"]
[White "Prchly, Milos"]
[Black "Hnilicka, Michal"]
[Result "1-0"]
[WhiteElo "2270"]
[BlackElo "2175"]
[PlyCount "121"]
[EventDate "2002.??.??"]
[EventType "schev (corr)"]
[EventRounds "2"]

1. d4 d5 2. c4 e6 3. Nc3 Nf6 4. Bg5 Be7 5. e3 h6 6. Bxf6 Bxf6 7. Nf3 O-O 8. Rc1
c6 9. Bd3 Nd7 10. O-O dxc4 11. Bxc4 e5 12. h3 exd4 13. exd4 Nb6 14. Bb3 Bf5 15.
Re1 Re8 16. Rxe8+ Qxe8 17. Qd2 Qd7 18. Re1 Rd8 19. Qf4 Nd5 20. Nxd5 cxd5 21.
Ne5 Qe6 22. Qf3 Bg5 23. a4 Bf6 24. Re3 Bg5 25. Re2 b6 26. Ba2 a6 27. g3 Bc1 28.
b4 b5 29. axb5 axb5 30. h4 g6 31. g4 Be4 32. Qxe4 dxe4 33. Bxe6 fxe6 34. Rxe4
Kh7 35. Kf1 Bb2 36. Nc6 Rd6 37. Na7 Rd5 38. f4 h5 39. g5 Kg7 40. Ke2 Kf8 41.
Kd3 Kf7 42. Nc6 Rd6 43. Ne5+ Kg7 44. Nf3 Rc6 45. Re2 Rc3+ 46. Ke4 Ba3 47. Ne5
Bxb4 48. Rb2 Bd6 49. Rxb5 Bxe5 50. Rxe5 Kf7 51. Rc5 Rh3 52. Rc7+ Kf8 53. Ke5
Rxh4 54. Kxe6 Rxf4 55. d5 Re4+ 56. Kf6 Rf4+ 57. Kxg6 h4 58. d6 Ke8 59. Rh7 Kd8
60. Kh5 h3 61. g6 1-0

[Event "MCRE_PF11"]
[Site "?"]
[Date "2002.??.??"]
[Round "?"]
[White "Svrsek, Radomir"]
[Black "Prchly, Milos"]
[Result "0-1"]
[WhiteElo "2230"]
[BlackElo "2270"]
[PlyCount "166"]
[EventDate "2002.??.??"]
[EventType "schev (corr)"]
[EventRounds "2"]

1. d4 Nf6 2. c4 e6 3. Nc3 Bb4 4. Nf3 c5 5. e3 O-O 6. Bd2 cxd4 7. exd4 d5 8. c5
b6 9. a3 Bxc3 10. Bxc3 Ne4 11. Qc2 bxc5 12. dxc5 Nc6 13. b4 Nxc3 14. Qxc3 a6
15. Be2 Qc7 16. O-O e5 17. Rac1 Rd8 18. Rfe1 Rb8 19. Red1 h6 20. Qb3 Qd7 21.
Rd2 Qe6 22. Re1 Bb7 23. Bf1 e4 24. Nd4 Nxd4 25. Rxd4 f5 26. Red1 Re8 27. a4
Rbc8 28. Rc1 f4 29. b5 e3 30. fxe3 fxe3 31. Be2 Qf6 32. Qd1 axb5 33. axb5 Ra8
34. c6 Bc8 35. Rxd5 Qf2+ 36. Kh1 Ra2 37. Rd8 Rxe2 38. Rxe8+ Kf7 39. Qd5+ Kxe8
40. Qg8+ Qf8 41. Qc4 Rd2 42. Qb3 Qf4 43. Qg8+ Ke7 44. Qxg7+ Kd6 45. Qg6+ Be6
46. c7 Qg4 47. c8=N+ Ke5 48. Qxg4 Bxg4 49. Nb6 Be2 50. Re1 Kf4 51. Na4 Bxb5 52.
Nc3 Bc4 53. Rc1 Ba6 54. Kg1 Ke5 55. Re1 Kd4 56. g4 Bc4 57. Rc1 Ba6 58. Re1 Bd3
59. Nd5 Kxd5 60. Rxe3 Be4 61. Rh3 Ke5 62. Rxh6 Kf4 63. Rh3 Bf3 64. Rh8 Ke3 65.
Re8+ Be4 66. Rf8 Rg2+ 67. Kf1 Rxh2 68. Ke1 Ra2 69. Re8 Rg2 70. Rf8 Rg1+ 71. Rf1
Rxg4 72. Rf2 Rg1+ 73. Rf1 Rg2 74. Rf7 Rh2 75. Rf8 Rb2 76. Rd8 Rg2 77. Rf8 Bg6
78. Rf6 Bd3 79. Re6+ Be4 80. Rf6 Re2+ 81. Kf1 Rc2 82. Kg1 Rg2+ 83. Kf1 Rg5 0-1

[Event "MCRE_PF11"]
[Site "?"]
[Date "2002.??.??"]
[Round "?"]
[White "Prchly, Milos"]
[Black "Ryska, Jiri"]
[Result "1-0"]
[WhiteElo "2270"]
[BlackElo "2235"]
[PlyCount "129"]
[EventDate "2002.??.??"]
[EventType "schev (corr)"]
[EventRounds "2"]

1. d4 Nf6 2. c4 Nc6 3. Nc3 e6 4. Nf3 Bb4 5. e3 d5 6. Bd3 O-O 7. O-O b6 8. cxd5
exd5 9. Qc2 Ne7 10. a3 Bxc3 11. bxc3 c5 12. dxc5 bxc5 13. Rd1 Bg4 14. c4 d4 15.
Be2 Bf5 16. Qa2 Ne4 17. Bb2 Qb6 18. exd4 Rab8 19. Rab1 Nc3 20. Bxc3 Bxb1 21.
dxc5 Bxa2 22. cxb6 Rxb6 23. Bb4 Re8 24. c5 Rbb8 25. Nd4 Nd5 26. Ba5 Rb1 27.
Rxb1 Bxb1 28. f3 Re3 29. c6 Rxa3 30. c7 Nxc7 31. Bxc7 Ra2 32. Kf1 a5 33. Ke1 a4
34. Be5 Bg6 35. g4 Ra1+ 36. Kd2 f6 37. Bd6 Bf7 38. Bb4 h5 39. Nc2 Ra2 40. gxh5
Kh7 41. Kc3 Kh6 42. Bf8 Bb3 43. Bd3 Bd5 44. Bg6 Bxf3 45. Bf7 Rxc2+ 46. Kxc2
Bxh5 47. Bc4 Be8 48. Kc3 f5 49. Kd4 Kg6 50. Ke5 Bd7 51. Be2 Kf7 52. Ba3 g5 53.
Kd6 Bc8 54. Bc4+ Ke8 55. Bb5+ Kf7 56. Ke5 f4 57. Bxa4 Bh3 58. Bc5 Bg4 59. Bc6
Bh3 60. Bb6 Bg4 61. Bd8 Kg6 62. Be8+ Kh6 63. Be7 f3 64. Bc5 Kg7 65. Bd4 1-0